|
|
|
|
| LEADER |
01250nam a2200349Ia 4500 |
| 001 |
EBC3138482 |
| 003 |
MiAaPQ |
| 005 |
20200520144314.0 |
| 006 |
m o d | |
| 007 |
cr cn||||||||| |
| 008 |
111102s2013 nyu sb 001 0 eng d |
| 020 |
|
|
|z 9780801468322
|
| 020 |
|
|
|z 9780801477690
|
| 035 |
|
|
|a (MiAaPQ)EBC3138482
|
| 035 |
|
|
|a (Au-PeEL)EBL3138482
|
| 035 |
|
|
|a (CaPaEBR)ebr10713281
|
| 035 |
|
|
|a (CaONFJC)MIL681579
|
| 035 |
|
|
|a (OCoLC)922998405
|
| 040 |
|
|
|a MiAaPQ
|c MiAaPQ
|d MiAaPQ
|
| 050 |
|
4 |
|a HV600 2010.H2
|b B45
|
| 082 |
0 |
4 |
|a 972.9407/3
|2 23
|
| 100 |
1 |
|
|a Bell, Beverly.
|
| 245 |
1 |
0 |
|a Fault lines
|h [electronic resource] :
|b views across Haiti's divide /
|c Beverly Bell.
|
| 260 |
|
|
|a Ithaca :
|b Cornell University Press,
|c 2013.
|
| 300 |
|
|
|a xix, 235 p.
|
| 504 |
|
|
|a Includes bibliographical references and index.
|
| 533 |
|
|
|a Electronic reproduction. Ann Arbor, MI : ProQuest, 2015. Available via World Wide Web. Access may be limited to ProQuest affiliated libraries.
|
| 650 |
|
0 |
|a Earthquake relief
|z Haiti.
|
| 650 |
|
0 |
|a Haiti Earthquake, Haiti, 2010.
|
| 655 |
|
4 |
|a Electronic books.
|
| 710 |
2 |
|
|a ProQuest (Firm)
|
| 856 |
4 |
0 |
|u https://ebookcentral.proquest.com/lib/matrademy/detail.action?docID=3138482
|z Click to View
|